02778nam a2200229 4500001000800000007000300008008004100011040000800052041000800060100004000068245015800108300002000266520196800286650004902254650002702303650002102330650001602351653001802367773011502385942003102500999001702531ESSALUDta t2026 pe ||||| |||| 00| 0 spa d aBMG aspa aGalán-Rodas, Edéneautor952703 aSalud digital en los sistemas de seguridad social en Las Américas y Europa: buenas prácticas y retos para una atención más inclusiva y sostenible apáginas 46-50 aLos sistemas de seguridad social enfrentan presiones concurrentes: incremento de la demanda por transición demográfica y epidemiológica, expectativas de inmediatez en la atención, restricciones de recursos, y la necesidad de reducir inequidades y la huella ambiental del sector salud. La salud digital ofrece oportunidades para ampliar el acceso, mejorar la continuidad asistencial, optimizar procesos y fortalecer la experiencia del asegurado; sin embargo, puede profundizar brechas si no se implementa con enfoque de inclusión, gobernanza y acompañamiento humano. Este artículo especial sintetiza lecciones para instituciones de seguridad social a partir de un análisis documental temático de reportes de la Asociación Internacional de la Seguridad Social (AISS/ISSA), incluyendo sus directrices sobre Tecnologías de la Información y Comunicación, y de la Estrategia Global de Salud Digital 2020–2027 de la OMS como marco rector. Se presentan casos ilustrativos de Las Américas (ventanilla única digital VIVA/EsSalud en Perú; EDUS en Costa Rica; Historia Clínica Electrónica Nacional en Uruguay) y de Europa (apoderamientos digitales en Bélgica; mediación y materiales accesibles en Francia; modelo híbrido asistido en Letonia; autenticación biométrica en España). Los hallazgos se organizan en cinco ejes: (i) integración y simplificación de servicios (ventanilla única transformacional), (ii) inclusión digital deliberada y multicanalidad, (iii) interoperabilidad y continuidad clínica, (iv) confianza, seguridad y “human-in-the-loop”, y (v) sostenibilidad ambiental medible. Se proponen recomendaciones operativas orientadas a valor público: arquitectura interoperable, servicios integrados end-to-end, segmentación de usuarios, mediación y accesibilidad, gestión de servicios digitales (incluidos SLA) y métricas integradas de equidad, calidad/seguridad, eficiencia y sostenibilidad. aACCESIBILIDAD A LOS SERVICIOS DE SALUD91812 aSEGURIDAD SOCIAL92070 aAMÉRICAS91997 aEUROPA9250 aSALUD DIGITAL0 022497922595dLima : IETSIoCITES01tCiencia y Tecnología aplicada a la Salud PúblicawESSALUDx3119-7981 cARTICULOSe2026-06-11zAFC c22522d22522